[Event "Napoli Vomero Primavera op 6th"]
[Site "Napoli"]
[Date "2009.04.16"]
[Round "6"]
[White "D'Orta, Antonio"]
[Black "Lombardi, Ottavio"]
[Result "1-0"]
[WhiteElo "1833"]
[BlackElo "1770"]
[PlyCount "67"]
[EventDate "2009.03.12"]
[EventType "swiss"]
[EventRounds "7"]
[EventCountry "ITA"]
[SourceTitle "EXT 2011"]
[Source "ChessBase"]
[SourceDate "2010.11.26"]
[SourceVersion "1"]
[SourceVersionDate "2010.11.26"]
[SourceQuality "1"]

1. e4 e5 2. Nf3 Nc6 3. Bb5 a6 4. Ba4 Nf6 5. 0-0 Be7 6. Re1 b5 7. Bb3 0-0 8. c3 d6 9. h3 Nb8 10. a4 Bb7 11. d3 Nbd7 12. Na3 c6 13. Be3 Re8 14. Ng5 d5 15. exd5 Nxd5 16. Bxd5 Bxg5 17. Bxf7+ Kxf7 18. Qh5+ Kg8 19. Bxg5 Qc7 20. Re4 g6 21. Qh6 Nc5 22. Re3 Nxa4 23. Rae1 Re6 24. d4 Rae8 25. Bf4 Nxb2 26. Bxe5 Qd7 27. h4 R8e7 28. Rg3 Rxe5 29. Rxe5 Rxe5 30. dxe5 Qd1+ 31. Kh2 c5 32. e6 Qd6 33. h5 Qxe6 34. hxg6 1-0

[Event "Napoli Vomero Settembre op 5th"]
[Site "Napoli"]
[Date "2008.10.23"]
[Round "4"]
[White "Lombardi, Ottavio"]
[Black "Esposito, Rosario"]
[Result "0-1"]
[WhiteElo "1766"]
[BlackElo "1869"]
[PlyCount "80"]
[EventDate "2008.10.02"]
[EventType "swiss"]
[EventRounds "5"]
[EventCountry "ITA"]
[SourceTitle "EXT 2011"]
[Source "ChessBase"]
[SourceDate "2010.11.26"]
[SourceVersion "1"]
[SourceVersionDate "2010.11.26"]
[SourceQuality "1"]

1. d4 Nf6 2. c4 g6 3. Nc3 d5 4. cxd5 Nxd5 5. e4 Nxc3 6. bxc3 Bg7 7. Bc4 c5 8. Be3 0-0 9. Ne2 Nc6 10. 0-0 Qc7 11. Rc1 b6 12. Qc2 Bb7 13. Rfd1 Na5 14. Bd3 c4 15. Bf4 e5 16. Bg3 Ba6 17. Bxc4 Qxc4 18. Rd2 Bh6 19. f4 exd4 20. cxd4 Rac8 21. d5 Qxc2 22. Rdxc2 Rxc2 23. Rxc2 Bd3 24. Rd2 Bxe4 25. d6 Rd8 26. Bh4 Rd7 27. Be7 Bf8 28. Rd4 Bxe7 29. dxe7 Rxe7 30. Nc3 Bc6 31. Kf2 Rd7 32. Rxd7 Bxd7 33. Nd5 Kg7 34. Nc7 Nb7 35. Ke3 Nc5 36. h3 f5 37. a3 Kf7 38. g3 Bc6 39. g4 Ke7 40. Kd4 Kd6 0-1

[Event "Napoli Parthenope op 1st"]
[Site "Napoli"]
[Date "2005.05.15"]
[Round "6"]
[White "Lombardi, Ottavio"]
[Black "Messina, Enrico"]
[Result "0-1"]
[WhiteElo "1553"]
[BlackElo "2133"]
[PlyCount "36"]
[EventDate "2005.05.13"]
[EventType "swiss"]
[EventRounds "6"]
[EventCountry "ITA"]
[SourceTitle "EXT 2007"]
[Source "ChessBase"]
[SourceDate "2006.11.23"]
[SourceVersion "1"]
[SourceVersionDate "2006.11.23"]
[SourceQuality "1"]

1. c4 e5 2. Nc3 Nc6 3. e4 g6 4. g3 Bg7 5. Bg2 Nge7 6. Nge2 0-0 7. 0-0 d6 8. d3 f5 9. Be3 Nd4 10. b4 fxe4 11. dxe4 Bg4 12. Bxd4 exd4 13. Nd5 Nxd5 14. exd5 d3 15. Qxd3 Bxa1 16. Rxa1 Rxf2 17. Kxf2 Qf6+ 18. Nf4 Qxa1 0-1

[Event "Napoli Parthenope op 1st"]
[Site "Napoli"]
[Date "2005.05.13"]
[Round "2"]
[White "Ficco, Corrado"]
[Black "Lombardi, Ottavio"]
[Result "1-0"]
[WhiteElo "2148"]
[BlackElo "1553"]
[PlyCount "71"]
[EventDate "2005.05.13"]
[EventType "swiss"]
[EventRounds "6"]
[EventCountry "ITA"]
[SourceTitle "EXT 2007"]
[Source "ChessBase"]
[SourceDate "2006.11.23"]
[SourceVersion "1"]
[SourceVersionDate "2006.11.23"]
[SourceQuality "1"]

1. e4 g6 2. d4 Bg7 3. f4 c6 4. c3 d5 5. e5 f6 6. Nf3 Bf5 7. Bd3 Nh6 8. 0-0 0-0 9. Na3 Nd7 10. Nc2 e6 11. Ne3 Bxd3 12. Qxd3 f5 13. b3 c5 14. Ba3 Qa5 15. Bxc5 Nxc5 16. dxc5 Qxc5 17. Nd4 Kf7 18. Rfd1 Rfc8 19. Rac1 a6 20. c4 Qa3 21. Rc2 Qa5 22. Rdc1 Qd8 23. cxd5 exd5 24. Nf3 Bf8 25. Ng5+ Kg8 26. Nxd5 Ng4 27. h3 Rxc2 28. Rxc2 Nxe5 29. fxe5 Qxg5 30. Nf6+ Kh8 31. Rc7 Bg7 32. Qc3 Qh6 33. e6 Rf8 34. Rc8 Qh4 35. Rxf8+ Bxf8 36. e7 1-0

[Event "ITA-ch U16"]
[Site "San Nicola Arcella"]
[Date "2004.07.04"]
[Round "1"]
[White "Lombardi, Ottavio"]
[Black "Vasile, Catalin"]
[Result "0-1"]
[WhiteElo "1529"]
[BlackElo "1739"]
[PlyCount "80"]
[EventDate "2004.07.04"]
[EventType "swiss"]
[EventRounds "7"]
[EventCountry "ITA"]
[SourceTitle "EXT 2024"]
[Source "ChessBase"]
[SourceDate "2023.10.10"]
[SourceVersion "1"]
[SourceVersionDate "2023.10.10"]
[SourceQuality "1"]

1. d4 Nf6 2. c4 c5 3. d5 e6 4. dxe6 fxe6 5. Bg5 Be7 6. Nc3 b6 7. e3 Bb7 8. Nf3 d6 9. Be2 0-0 10. 0-0 d5 11. Qd2 Na6 12. cxd5 Nxd5 13. Bxe7 Qxe7 14. Rfd1 Nac7 15. a3 Rad8 16. Qc2 Nxc3 17. Qxc3 Nd5 18. Qc2 Rf6 19. Rd2 Rdf8 20. Rad1 Bc6 21. Bd3 h6 22. Ne5 Be8 23. Bh7+ Kh8 24. Ng4 g6 25. Nxf6 Qxf6 26. Bxg6 Bxg6 27. e4 Nf4 28. Qc3 e5 29. Qe3 Rg8 30. Rd6 Qg5 31. g3 Bh5 32. R1d2 Rf8 33. h4 Qg7 34. Kf1 Rg8 35. Rd7 Qg4 36. f3 Qh3+ 37. Kf2 Qxg3+ 38. Kf1 Qh3+ 39. Kf2 Rg2+ 40. Ke1 Qh1+ 0-1